Der Palazzo Ducale in Urbino unter den Montefeltro (1376 - 1508) : neue Forschungen zur Bau- und Ausstattungsgeschichte
Saved in:
| Main Author: | |
|---|---|
| Document Type: | Book |
| Language: | German |
| Published: |
Regensburg
: Schnell & Steiner
, 2004
|
| Subjects: | |
| Online Access: | Inhaltsverzeichnis Inhaltsverzeichnis |
| Related Items: | Rezensiert in:
[Rezension von: Janez Höfler, Der Palazzo Ducale in Urbino unter den Montefeltro (1376-1508)] |
| Author Notes: | Janez Höfler |
| LEADER | 03721cam a2200925 c 4500 | ||
|---|---|---|---|
| 001 | 1612199968 | ||
| 003 | DE-627 | ||
| 005 | 20251225194648.0 | ||
| 007 | tu | ||
| 008 | 040629s2004 gw ||||| 00| ||ger c | ||
| 015 | |a 04,N19,0452 |2 dnb | ||
| 015 | |a 06,A48,1519 |2 dnb | ||
| 016 | 7 | |a 970846460 |2 DE-101 | |
| 020 | |a 3795416795 |9 3-7954-1679-5 | ||
| 024 | 3 | |a 9783795416799 | |
| 035 | |a (DE-627)1612199968 | ||
| 035 | |a (DE-603)121943313 | ||
| 035 | |a (DE-576)112091105 | ||
| 035 | |a (DE-599)DNB970846460 | ||
| 035 | |a (OCoLC)180883929 | ||
| 035 | |a (OCoLC)180883929 | ||
| 035 | |a (OCoLC)55963058 | ||
| 035 | |a (AT-OBV)AC04272780 | ||
| 040 | |a DE-627 |b ger |c DE-627 |e rakwb | ||
| 041 | |a ger | ||
| 044 | |c XA-DE | ||
| 050 | 0 | |a NA7756.U8 | |
| 082 | 0 | |a 720 | |
| 082 | 0 | |a 940 | |
| 082 | 0 | 4 | |a 940 |a 720 |
| 084 | |a 9,10 |2 ssgn | ||
| 084 | |a 8,2 |2 ssgn | ||
| 084 | |a LN 74300 |2 rvk |0 (DE-625)rvk/102161: | ||
| 084 | |a 21.60 |2 bkl | ||
| 084 | |a 21.71 |2 bkl | ||
| 100 | 1 | |a Höfler, Janez |d 1942- |0 (DE-588)121024350 |0 (DE-627)08103735X |0 (DE-576)164630317 |4 aut | |
| 245 | 1 | 4 | |a Der Palazzo Ducale in Urbino unter den Montefeltro (1376 - 1508) |b neue Forschungen zur Bau- und Ausstattungsgeschichte |c Janez Höfler |
| 263 | |a EUR 59.00, CHF 101.00 | ||
| 264 | 1 | |a Regensburg |b Schnell & Steiner |c 2004 | |
| 300 | |a 349 S. |b Ill., graph. Darst. | ||
| 336 | |a Text |b txt |2 rdacontent | ||
| 337 | |a ohne Hilfsmittel zu benutzen |b n |2 rdamedia | ||
| 338 | |a Band |b nc |2 rdacarrier | ||
| 500 | |a Literaturverz. S. 321 - 346 | ||
| 505 | 8 | |a Literaturverz. S. 321 - 346 | |
| 583 | 1 | |a Archivierung/Langzeitarchivierung gewährleistet |f SSG |x XA-DE-BW |2 pdager |5 DE-16 | |
| 583 | 1 | |a Archivierung prüfen |c 20240324 |f DE-4165 |z 3 |2 pdager | |
| 600 | 1 | 0 | |a Federico, da Montefeltro, Duke of Urbino |x Palaces |x Italy |x Urbino |
| 648 | 7 | |a Geschichte 1454-1508 |2 gnd | |
| 650 | 0 | |a Architecture, Renaissance |x Italy |x Urbino | |
| 650 | 0 | 7 | |0 (DE-588)4002851-3 |0 (DE-627)104280352 |0 (DE-576)208848975 |a Architektur |2 gnd |
| 651 | 0 | |a Urbino (Italy) |x Buildings, structures, etc | |
| 653 | 0 | |a Palazzo ducale (Urbino, Italy) | |
| 689 | 0 | 0 | |d g |0 (DE-588)4124367-5 |0 (DE-627)105748331 |0 (DE-576)209567465 |a Palazzo Ducale |g Urbino |2 gnd |
| 689 | 0 | 1 | |a z |2 gnd |a Geschichte 1454-1508 |
| 689 | 0 | |5 DE-101 | |
| 689 | 1 | 0 | |d g |0 (DE-588)4124367-5 |0 (DE-627)105748331 |0 (DE-576)209567465 |a Palazzo Ducale |g Urbino |2 gnd |
| 689 | 1 | 1 | |a z |2 gnd |a Geschichte 1376-1508 |
| 689 | 1 | |5 (DE-627) | |
| 787 | 0 | 8 | |i Rezensiert in |a Herzner-Kmentt, Irmlind Luise |t [Rezension von: Janez Höfler, Der Palazzo Ducale in Urbino unter den Montefeltro (1376-1508)] |d 2006 |w (DE-627)1875959289 |
| 856 | 4 | 2 | |u http://d-nb.info/970846460/04 |m B:DE-101 |q pdf/application |v 20161126003402 |x Verlag |3 Inhaltsverzeichnis |7 1 |
| 856 | 4 | 2 | |u http://scans.hebis.de/HEBCGI/show.pl?12194331_toc.pdf |m V:DE-605;X:Imageware |q application/pdf |3 Inhaltsverzeichnis |7 1 |
| 889 | |w (DE-627)385616651 | ||
| 889 | |w (DE-627)1952432081 | ||
| 935 | |i mdedup | ||
| 935 | |h HEB |i 0501 | ||
| 935 | |h HEB |i 0503 | ||
| 936 | r | v | |a LN 74300 |b Urbino |k Kunstgeschichte |k Kunst nach Ländern bzw. Kontinenten |k Italien |k Kunsttopografie Italiens |k Alphabetische Liste der italienischen Orte |k Orte U |k Urbino |0 (DE-627)1271309491 |0 (DE-625)rvk/102161: |0 (DE-576)201309491 |
| 936 | b | k | |a 21.60 |j Baugeschichte: Allgemeines |0 (DE-627)106421247 |
| 936 | b | k | |a 21.71 |j Geschichte öffentlicher Bauten |0 (DE-627)106421263 |
| 936 | s | n | |a l300 |2 mzub |
| 936 | s | n | |a z210 |2 mzub |
| 936 | s | n | |a n100 |2 mzub |
| 951 | |a BO | ||
| 990 | |a Palazzo Ducale | ||
| 990 | |a Geschichte 1454-1508 | ||
| 990 | |a Palazzo Ducale | ||
| 990 | |a Geschichte 1376-1508 | ||
| 991 | |a Rezensiertes Werk | ||
| 999 | |a KXP-PPN1612199968 |e 4456067004 | ||


